| 000 | 01365cam a2200409 a 4500 | ||
|---|---|---|---|
| 001 | 22237 | ||
| 003 | VRT | ||
| 005 | 20260323142609.0 | ||
| 008 | 240318s1994 xo e 000 f slo | ||
| 015 | _aSNBA1994/12 | ||
| 020 | _a8022005665 | ||
| 035 | _aSNK000019826 | ||
| 035 | _aurn:nbn:sk:snk-amjb18 | ||
| 035 | _aurn:nbn:sk:snk-am003mac | ||
| 035 | _aED89F240-8B10-4CCC-89C9-45BD142378B5 | ||
| 039 | 9 |
_a202408141127 _bcsnk01 _c202407310831 _dAUTHORITY _c202403181724 _dVLOAD _c202402261440 _dVLOAD |
|
| 040 |
_aSNK _bslo _cSNK _eAACR2 |
||
| 041 | 1 |
_aslo _heng |
|
| 044 |
_axo _cSK |
||
| 080 |
_a820 (73)-3 _21981 |
||
| 100 | 1 |
_aSheldon, Sidney, _d1917-2007 _4aut |
|
| 240 | 1 | 0 |
_aIf Tomorrow Comes _lSlovensky |
| 245 | 1 | 0 |
_aSladká pomsta _cSidney Sheldon ; preklad Igor Otčenáš |
| 250 | _a1. vyd. | ||
| 260 |
_aBratislava _bSlovenský spisovateľ _c1994 |
||
| 300 |
_a351 s. _c20 cm |
||
| 500 | _aPreložené z angličtiny | ||
| 655 | 7 |
_aamerické romány _2SNKPH |
|
| 655 | 7 |
_adetektívne romány _2SNKPH |
|
| 700 | 1 |
_aOtčenáš, Igor, _d1956- _4trl |
|
| 942 |
_2ddc _cKLDO _n0 |
||
| 949 |
_617A0040714 _asnkSD 66783 D1 _bsnkKSP 10814/94 _s6100:20201009 |
||
| 949 |
_617A1051954 _asnkSD 66783 |
||
| 949 |
_6273K0193888 _asvkpoA 163611 _bsvkpo404424 _oPV 3943/94 |
||
| 999 |
_c22237 _d22237 |
||